Recopilación de tratados, convenciones, protocolos y otros actos internacionales celebrados por la República de Chile: edición oficial año 1898-1901

Uloženo v:
Podrobná bibliografie
Hlavní autor: Martínez de Ferrari, Marcial A. (autor)
Médium: Kniha
Jazyk:španělština
Vydáno: Santiago Cervantes 1907
Vydání:1a. ed
Témata:
Tagy: Přidat tag
Žádné tagy, Buďte první, kdo vytvoří štítek k tomuto záznamu!

MARC

LEADER 00000nam a2200000 a 4500
001 UCW9724
003 CL-VaPUC
008 890613e19070000CL |||||||||||||||||spa|d
082 0 4 |a 341  |b MAR  |2 21 
100 |a Martínez de Ferrari, Marcial A.  |e autor  |9 315114 
245 1 0 |a Recopilación de tratados, convenciones, protocolos y otros actos internacionales celebrados por la República de Chile: edición oficial año 1898-1901 
250 |a 1a. ed 
300 |a v 
942 |c BK 
945 |d 19890613 00:00:00 
260 |a Santiago  |b Cervantes  |c 1907 
500 |a v.5: Recopilado por Aurelio Bascuñán Montes 
500 |a v.6 fue recopilado por sr. Bernardino Toro C 
600 0 7 |a CONGRESO POSTAL DE WASHINGTON  |2 CL-VaPUC  |9 315115 
600 0 7 |a CONVENCION POSTAL UNIVERSAL  |2 CL-VaPUC  |9 315116 
600 0 7 |a BASCUÑAN MONTES, AURELIO  |2 CL-VaPUC  |9 315117 
600 0 7 |a CONFERENCIA DE LA HAYA  |2 CL-VaPUC  |9 315118 
650 0 |a Tratados internacionales   |9 256056 
650 7 |a DERECHO INTERNACIONAL PUBLICO  |2 CL-VaPUC  |9 315119 
650 0 |a Tratados internacionales   |9 256056 
650 0 |a Fuentes Históricas  |9 265141 
650 7 |a COMERCIO INTERNACIONAL  |2 CL-VaPUC  |9 315120 
650 0 |a Relaciones Exteriores  |9 255379 
651 7 |a CHILE  |2 CL-VaPUC  |9 315121 
651 0 |a América Latina   |9 255027 
651 0 |a Estados Unidos  |9 255178 
651 0 |a Argentina  |9 254888 
651 7 |a BELGICA  |2 CL-VaPUC  |9 315122 
651 0 |a Brasil  |9 267393 
651 7 |a DINAMARCA  |2 CL-VaPUC  |9 315123 
651 0 |a España  |9 254926 
651 0 |a Francia  |9 255157 
651 0 |a Europa  |9 255156 
583 |a last modification  |c 19890613 00:00:00  |k Rodrigo Vera 
999 |c 221626  |d 221624 
952 |0 0  |1 0  |4 0  |6 341_000000000000000_MAR_1907  |7 0  |8 X  |9 215274  |a BIBHIS  |b BIBHIS  |d 2019-11-15  |h v.4  |i 2837099  |o 341 MAR 1907  |p 2837099  |r 2024-01-30  |w 2019-11-15  |y BK_X  |k HIS 
952 |0 0  |1 0  |4 0  |6 341_000000000000000_MAR_1907  |7 0  |8 X  |9 215275  |a BIBHIS  |b BIBHIS  |d 2019-11-15  |h v.5  |i 2837102  |o 341 MAR 1907  |p 2837102  |r 2024-01-30  |w 2019-11-15  |y BK_X  |k HIS 
952 |0 0  |1 0  |4 0  |6 341_000000000000000_MAR_1907  |7 0  |8 P  |9 215276  |a BIBDER  |b BIBDER  |d 2019-11-15  |h v.4  |i 1821547  |l 2  |m 1  |o 341 MAR 1907  |p 1821547  |q 2025-12-31  |r 2024-10-24  |s 2024-10-24  |w 2019-11-15  |y BK  |k DER 
952 |0 0  |1 0  |4 0  |6 341_000000000000000_MAR_1907  |7 0  |8 P  |9 215277  |a BIBDER  |b BIBDER  |d 2019-11-15  |h v.5  |i 1821555  |l 2  |m 1  |o 341 MAR 1907  |p 1821555  |q 2025-12-31  |r 2024-10-24  |s 2024-10-24  |w 2019-11-15  |y BK  |k DER 
952 |0 0  |1 0  |4 0  |6 341_000000000000000_MAR_1907  |7 0  |8 X  |9 215278  |a FDOBUD  |b FDOBUD  |d 2019-11-15  |h v.1  |i 1038931  |o 341 MAR 1907  |p 1038931  |r 2019-11-15  |w 2019-11-15  |y BK_X  |k BUD 
952 |0 0  |1 0  |4 0  |6 341_000000000000000_MAR_1907  |7 0  |8 X  |9 215279  |a FDOBUD  |b FDOBUD  |d 2019-11-15  |h v.1  |i 1053973  |o 341 MAR 1907  |p 1053973  |r 2019-11-15  |w 2019-11-15  |y BK_X  |k BUD 
952 |0 0  |1 0  |4 0  |6 341_000000000000000_MAR_1907  |7 0  |8 X  |9 215280  |a FDOBUD  |b FDOBUD  |d 2019-11-15  |h v.5  |i 1053981  |o 341 MAR 1907  |p 1053981  |r 2019-11-15  |w 2019-11-15  |y BK_X  |k BUD